[Event "HUN-chT2 Barcza 1819"]
[Site "Hungary"]
[Date "2018.10.28"]
[Round "3.12"]
[White "Toth, Gergely2222"]
[Black "Benedek, Gyula"]
[Result "1-0"]
[WhiteElo "1631"]
[BlackElo "1408"]
[PlyCount "71"]
[EventDate "2018.09.23"]
[EventType "team-tourn"]
[EventRounds "11"]
[EventCountry "HUN"]
[SourceTitle "CBM 189 Extra"]
[Source "ChessBase"]
[SourceDate "2019.06.03"]
[SourceVersion "1"]
[SourceVersionDate "2019.06.03"]
[SourceQuality "1"]
[WhiteTeam "Hajduboszormeny"]
[BlackTeam "Hajduszoboszlo"]
[WhiteTeamCountry "HUN"]
[BlackTeamCountry "HUN"]

1. e4 Nc6 2. d4 d5 3. e5 Bf5 4. Bb5 Bd7 5. Nf3 a6 6. Be2 Bf5 7. a3 e6 8. 0-0 h6 9. Be3 g5 10. Nfd2 Nge7 11. Nb3 Ng6 12. g4 Be4 13. f3 Bf5 14. gxf5 exf5 15. Kh1 Be7 16. Nc3 h5 17. Bd3 Qd7 18. Qd2 f4 19. Bf2 0-0-0 20. Qe2 Nb8 21. e6 Qd6 22. exf7 Nf8 23. Rfe1 Nc6 24. Nc5 Qf6 25. Bxa6 Bxc5 26. dxc5 bxa6 27. Qxa6+ Kb8 28. Re8 Nd7 29. Rxh8 Rxh8 30. Qb5+ Kc8 31. Nxd5 Na7 32. Qxd7+ Kxd7 33. Nxf6+ Ke7 34. Nd5+ Kd7 35. Re1 Nc6 36. Nf6+ 1-0